Les villes ayant accueilli WrestleMania - Statistiques

Statistiques générales
  • Ce quiz a été pris 37 fois
  • Le résultat moyen est 9 sur 41
Statistiques - réponses
Hint Réponse % Correct
WrestleMania VI Toronto
57%
WrestleMania X8 Toronto
57%
WrestleMania New York, NY
53%
WrestleMania X New York, NY
53%
WrestleMania XX New York, NY
53%
WrestleMania 2 Los Angeles, CA
47%
WrestleMania VII Los Angeles, CA
47%
WrestleMania 21 Los Angeles, CA
47%
WrestleMania XXVIII Miami, FL
43%
WrestleMania 13 Chicago, IL
37%
WrestleMania 22 Chicago, IL
37%
WrestleMania X-Seven Houston, TX
30%
WrestleMania XXV Houston, TX
30%
WrestleMania IX Las Vegas, NV
27%
WrestleMania XXIV Orlando, FL
27%
WrestleMania 33 Orlando, FL
27%
WrestleMania 36 Orlando, FL
27%
WrestleMania III Detroit, MI
20%
WrestleMania 23 Detroit, MI
20%
WrestleMania XXX New Orleans, LA
20%
WrestleMania 34 New Orleans, LA
20%
WrestleMania 37 Tampa, FL
20%
WrestleMania 39 Inglewood, CA
17%
WrestleMania 31 Santa Clara, CA
17%
WrestleMania 32 Arlington, TX
13%
WrestleMania 38 Arlington, TX
13%
WrestleMania XXVII Atlanta, GA
13%
WrestleMania 29 East Rutherford, NJ
13%
WrestleMania 35 East Rutherford, NJ
13%
WrestleMania XXVI Phoenix, AZ
13%
WrestleMania XIV Boston, MA
7%
WrestleMania VIII Indianapolis, IN
7%
WrestleMania XIX Seattle, WA
7%
WrestleMania XII Anaheim, CA
3%
WrestleMania 2000 Anaheim, CA
3%
WrestleMania XV Philadelphia, PN
3%
WrestleMania 2 Rosemont, IL
3%
WrestleMania IV Atlantic City, NJ
0%
WrestleMania V Atlantic City, NJ
0%
WrestleMania XI Hartford, CN
0%
WrestleMania 2 Uniondale, NY
0%
Aucun quiz correspondant
Distribution des résultats
% des personnes avec chaque résultat
Percentile par nombre de réponses
Votre historique - résultats
Vous n’avez pas pris ce quiz